000 00474nam a2200181Ia 4500
001 51178
008 140502s9999 xx 000 0 und d
020 _aNA
040 _cPK-LaUMT
082 _aRHC 297.650954
_bSHA-B
100 _aShafiq Khan Pasruri, Muhammad
245 _aBabari masjad se Ram mandr tak (Urdu)
_cShafiq Khan Pasruri, Muhammad
260 _aLahore,Pakistan:
_bMokhzanIlm,
_c2003
300 _a272 p.
546 _aUR
650 _aIslam
942 _cBK
999 _c48668
_d48668